000 00492nam a2200169Ia 4500
005 20250424120218.0
008 250424s9999 xx 000 0 und d
022 _a079502384
050 _aTA 119.N54 .A23/
245 0 _aAcademy journal of science and engineering
260 _aKaduna, Nigeria
260 _bNigeria defence academy
260 _c2015
300 _av, 110 p. :ill. ; 30 cm.
650 _aEngineering--Nigeria--Periodicals. Science--Nigeria--Periodicals.
942 _cSR
999 _c38026
_d38026